| 000 | 00419nam a2200181Ia 4500 | ||
|---|---|---|---|
| 001 | 7976 | ||
| 005 | 20250626025536.0 | ||
| 008 | 211022s9999 xx 000 0 und d | ||
| 020 | _a8170173817 | ||
| 082 | _a722.4 PAR | ||
| 100 | _aParihar, Subhash | ||
| 245 | 0 | _aSome aspects of Indo-Islamic architecture | |
| 260 | _aNew Delhi | ||
| 260 | _bAbhinav Publications | ||
| 260 | _c1999 | ||
| 300 | _a191 | ||
| 942 | _cBK | ||
| 999 |
_c5058 _d5058 |
||